Baha`i Faith (Record no. 13801)

MARC details
000 -LEADER
fixed length control field 00586nam a2200241 a 4500
020 ## - INTERNATIONAL STANDARD BOOK NUMBER
ISBN 9781851685639
082 00 - DEWEY DECIMAL CLASSIFICATION NUMBER
Classification number 297.93
Author Cutter MOM1
100 ## - MAIN ENTRY--AUTHOR NAME
Author name Momen, Moojan
245 ## - TITLE STATEMENT
Title Baha`i Faith
260 ## - PUBLICATION, DISTRIBUTION, ETC. (IMPRINT)
Place of publication Oxford
Name of publisher One World Publications
Year of publication 2009
300 ## - PHYSICAL DESCRIPTION
Number of Pages 186p
500 ## - GENERAL NOTE
General note includes index and biblioraphy
505 2# - FORMATTED CONTENTS NOTE
Formatted contents note Bibliography,Index
650 ## - SUBJECT ADDED ENTRY--TOPICAL TERM
Topical Term Bahai Faith
942 ## - ADDED ENTRY ELEMENTS (KOHA)
Koha item type Books
700 1# -
-- Momen, Moojan
Holdings
Collection code Home library Current library Date acquired Cost, normal purchase price Full call number Accession Number Koha item type
  Henry Martyn Institute Library Henry Martyn Institute Library 01/06/2011 225.00 297.93 MOM1 023424 Books
                   Copyright © 2026 | Henry Martyn Institute | Hyderabad | TS-500052 | INDIA | Implemented by hmi.edu.in
Hit-Count:

Powered by Koha